Continents by Area Quiz Stats

 Plays Quiz Updated Apr 8, 2016

Challenge
Share
Tweet
Embed
Score 0/7 Timer 01:00
32 Plays Today
Rank Continent % Correct
#1???
99.5%
#2???
79.6%
#3???
66.4%
#4???
59.7%
#5???
25.3%
#7???
23.5%
#6???
22.6%

You're not logged in!

Compare scores with friends on all Sporcle quizzes.
OR
Log In

You Might Also Like...

Show Comments

Extras

Top Quizzes Today


Score Distribution

Your Account Isn't Verified!

In order to create a playlist on Sporcle, you need to verify the email address you used during registration. Go to your Sporcle Settings to finish the process.

Report this User

Report this user for behavior that violates our Community Guidelines.

Details: